|
|
|
|
| LEADER |
01613nam a2200349 a 4500 |
| 001 |
000584145 |
| 003 |
CZ BrMZK |
| 005 |
20121126143722.0 |
| 007 |
ta |
| 008 |
020118s2001 xr f cze d |
| 015 |
|
|
|a cnb001064592
|
| 020 |
|
|
|a 80-248-0010-1
|
| 035 |
|
|
|a (OCoLC)50345015
|
| 040 |
|
|
|a BOA001
|b cze
|
| 072 |
|
7 |
|a 621
|x Strojírenství
|2 Konspekt
|9 19
|
| 080 |
|
|
|a 621.879.48
|2 MRF
|
| 080 |
|
|
|a (043.5:042.3)
|2 MRF
|
| 100 |
1 |
|
|a Jurman, Josef,
|d 1940-
|7 jn20001103266
|4 aut
|
| 245 |
1 |
0 |
|a Příspěvek k efektivnímu využití energie na kolese rypadla :
|b inaugurační přednáška ke jmenování profesorem v oboru Konstrukční a procesní inženýrství
|
| 250 |
|
|
|a 1. vyd.
|
| 260 |
|
|
|a Ostrava :
|b Vysoká škola báňská - Technická univerzita,
|c 2001
|
| 300 |
|
|
|a 22 s., [2] l. obr. příl. :
|b il. ;
|c 25 cm
|
| 490 |
1 |
|
|a Vědecké spisy Fakulty strojní. Habilitační a inaugurační spisy ;
|v sv. 1
|
| 504 |
|
|
|a Obsahuje bibliografii
|
| 650 |
0 |
7 |
|a kolesová rypadla
|7 ph138271
|2 czenas
|
| 655 |
|
7 |
|a profesorské přednášky
|7 fd187329
|2 czenas
|
| 710 |
2 |
|
|a Vysoká škola báňská - Technická univerzita Ostrava.
|b Strojní fakulta
|7 kn20010709395
|
| 810 |
2 |
|
|a Vysoká škola báňská - Technická univerzita Ostrava.
|b Strojní fakulta.
|t Vědecké spisy.
|p Habilitační a inaugurační spisy
|0 s
|
| 856 |
4 |
1 |
|u http://www.digitalniknihovna.cz/mzk/uuid/uuid:6c713b70-3e1d-11e2-9b88-005056827e51
|y Digitalizovaný dokument
|x NDK
|
| 910 |
|
|
|a BOA001
|b 3-1096.630
|
| 990 |
|
|
|a BK
|
| 996 |
6 |
|
|b 2610151590
|c 3-1096.630
|l MZK
|r Sklad / do 1 hodiny
|n 0
|p p.v.
|w 000584145
|u 000010
|a 1
|e BOA001
|j MZK50
|s P
|